Impact of Tax Burden on the Business Environment and Foreign Direct Investment in V4 Countries

Vplyv daňového zaťaženia na kvalitu podnikateľského prostredia a objem priamych zahraničných investícií v krajinách "Vyšehradskej štvorky". Je odôvodnené, že kvalita podnikateľského prostredia znamená dobré podmienky pre slobodné podnikanie a zároveň vytvára predpoklady pre dlhodobú konkurencieschop...

Ausführliche Beschreibung

Gespeichert in:
Bibliographische Detailangaben
1. Verfasser: Bieliková, Alžbeta
Weitere Verfasser: Hakalová, Jana, Psenková, Yvetta
Format: Buchkapitel
Sprache:Englisch
Schlagworte:
Tags: Tag hinzufügen
Keine Tags, Fügen Sie das erste Tag hinzu!

MARC

LEADER 00000nla a2200000 4500
001 0247071
005 20220719071725.5
041 0 |a eng 
044 |a UA 
245 1 0 |a Impact of Tax Burden on the Business Environment and Foreign Direct Investment in V4 Countries  |c Alžbeta Bieliková, Jana Hakalová, Yvetta Psenková 
520 |a Vplyv daňového zaťaženia na kvalitu podnikateľského prostredia a objem priamych zahraničných investícií v krajinách "Vyšehradskej štvorky". Je odôvodnené, že kvalita podnikateľského prostredia znamená dobré podmienky pre slobodné podnikanie a zároveň vytvára predpoklady pre dlhodobú konkurencieschopnosť krajiny v celosvetovom meradle. 
610 2 0 |a prostredie podnikateľské 
610 2 0 |a dane 
610 2 0 |a zaťaženie daňové 
610 2 0 |a investície 
610 2 0 |a investície priame zahraničné 
610 2 0 |a Vyšehradská štvorka 
100 1 |a Bieliková, Alžbeta 
700 1 |a Hakalová, Jana 
700 1 |a Psenková, Yvetta